Hướng dẫn thực hành hạch toán kế toán và lập báo cáo tài chính doanh nghiệp xây lắp Tài khoản; Hạch toán; Báo cáo tài chính; Chứng từ và kế toán

Salvato in:
Dettagli Bibliografici
Autore principale: Nguyễn Văn Nhiệm
Natura: Libro
Lingua:Undetermined
Pubblicazione: Hà Nội Thống kê 2000
Soggetti:
Tags: Aggiungi Tag
Nessun Tag, puoi essere il primo ad aggiungerne! !
Thư viện lưu trữ: Trung tâm Học liệu Trường Đại học Cần Thơ
LEADER 00766nam a2200205Ia 4500
001 CTU_38379
008 210402s9999 xx 000 0 und d
020 |b 92.000đ 
082 |a 657.869 
082 |b Nh304 
100 |a Nguyễn Văn Nhiệm 
245 0 |a Hướng dẫn thực hành hạch toán kế toán và lập báo cáo tài chính doanh nghiệp xây lắp 
245 0 |b Tài khoản; Hạch toán; Báo cáo tài chính; Chứng từ và kế toán 
245 0 |c Nguyễn Văn Nhiệm 
260 |a Hà Nội 
260 |b Thống kê 
260 |c 2000 
650 |a building - prices 
904 |i Nguyễn Quang Điền, 001017 
980 |a Trung tâm Học liệu Trường Đại học Cần Thơ